Estudio sobre la contribución de la educación en materia de población a la renovación y a la innovación educativas en la Republica de Corea, El Salvador, Filipinas y Túnez

Guardat en:
Dades bibliogràfiques
Autor corporatiu: UNESCO (Autor)
Format: Llibre
Idioma:espanyol
Publicat: París UNESCO 1980
Col·lecció:Programa de acción coordinado para el progreso de la educación en materia de población
Matèries:
Etiquetes: Afegir etiqueta
Sense etiquetes, Sigues el primer a etiquetar aquest registre!

MARC

LEADER 00000nam a2200000 a 4500
001 UCX8348
003 CL-VaPUC
008 940324e19800000FR |||||||||||||||||spa|d
082 0 4 |a 370.78  |b UNE  |2 21 
110 2 |a UNESCO  |e author  |9 325447 
245 1 0 |a Estudio sobre la contribución de la educación en materia de población a la renovación y a la innovación educativas en la Republica de Corea, El Salvador, Filipinas y Túnez 
300 |a 215 p 
942 |c BK 
945 |d 19940324 00:00:00  |a rbrito 
260 |a París  |b UNESCO  |c 1980 
650 0 |a Innovaciones pedagógicas  |9 307471 
583 |a last modification  |c 19940324 00:00:00  |k Rodrigo Vera 
490 0 |a Programa de acción coordinado para el progreso de la educación en materia de población 
999 |c 227877  |d 227875 
952 |0 0  |1 0  |4 0  |6 370_780000000000000_UNE_1980  |7 0  |8 P  |9 227160  |a BIBEDU  |b BIBEDU  |c BIBEDU_PB  |d 2019-11-15  |i 2964333  |o 370.78 UNE 1980  |p 2964333  |r 2024-01-25  |w 2019-11-15  |y BK  |k EDU